Click the Austrian town ending - Pt. 1 - Statistics

General Stats
  • This quiz has been taken 4 times
  • The average score is 8 of 30
Answer Stats
Hint Answer % Correct
Salz burg
100%
Rad stadt
75%
Wiener Neu stadt
75%
Kapfen berg
50%
Laxen burg
50%
Gänsern dorf
50%
Poders dorf
50%
Retten egg
50%
Wolfs berg
25%
Weer berg
25%
Ulrichs berg
25%
Wiesel burg
25%
Klosterneu burg
25%
Herzogen burg
25%
Vorch dorf
25%
Steyr egg
25%
March egg
25%
Graffen egg
25%
Waizen kirchen
25%
Trais kirchen
25%
Schwert berg
0%
Gei dorf
0%
Abs dorf
0%
Hirsch egg
0%
Münz kirchen
0%
Neun kirchen
0%
Gries kirchen
0%
schwanen stadt
0%
Frei stadt
0%
Eisen stadt
0%
No matching quizzes found
Score Distribution
Percent of People with Each Score
Percentile by Number Answered
Your Score History
You have not taken this quiz